000 02835nam a2200565Ii 4500
001 DIGUANDES335
003 NyNyDIG
006 m o d
008 191114s2013 ck a ob 000 0 spa d
007 cr |||||||||||
035 _a(OCoLC)937987478
040 _aDGITA
_beng
_erda
_epn
_cDGITA
020 _a9789586958936
_q(ebook ;
_qpdf)
020 _a9586958930
_q(ebook ;
_qpdf)
020 _z9789586958929
020 _z9586958922
043 _as-ck---
050 1 4 _aHF3424 ebook
082 0 4 _a382.09861
100 1 _aOcampo, José Antonio,
_eauthor.
245 1 0 _aColombia y la economía mundial 1830-1910 /
_cJosé Antonio Ocampo.
250 _aSegunda edición.
264 1 _aBogotá, D.C., Colombia :
_bUniversidad de los Andes, Facultad de Economía, Centro de Estudios sobre Desarrollo Económico (CEDE) :
_bEdiciones Uniandes,
_cagosto de 2013.
300 _a1 online resource :
_billustrations.
336 _atext
_btxt
_2rdacontent
337 _acomputer
_bc
_2rdamedia
338 _aonline resource
_bcr
_2rdacarrier
347 _atext file
_2rdaft
347 _bPDF
490 1 _aColección Básica de Historia Económica de Colombia
504 _aIncludes bibliographical references.
505 0 _aDesarrollo exportador y desarrollo capitalista colombiano en el siglo XIX -- El comercio de exportación -- Las importaciones -- La tasa de cambio en una economía preindustrial -- La primera frustración : el tabaco -- La especulación forestal en gran escala : la quina -- El mercado mundial del café y el surgimiento de Colombia como país cafetero -- Otras experiencias y frustraciones - El sector externo de la economía colombiana en el siglo XIX.
588 0 _aOnline resource; title from PDF title page (Digitalia, viewed November 15, 2019)
651 0 _aColombia
_xCommerce
_xHistory.
651 0 _aColombia
_xCommercial policy
_xHistory.
651 0 _aColombia
_xForeign economic relations.
651 0 _aColombia
_xEconomic conditions.
650 0 _aCoffee industry
_zColombia
_xHistory.
650 0 _aTobacco industry
_zColombia
_xHistory.
650 0 _aQuinine industry
_zColombia
_xHistory.
650 0 _aCinchona
_zColombia.
655 0 _aElectronic books.
791 2 _aDigitalia (Firm),
_edistributor.
793 0 _gDigitalia eBook Collection:
_aUniversidad de los Andes
776 0 8 _iPrint version:
_aOcampo, José Antonio.
_tColombia y la economía mundial 1830-1910.
_bSegunda edición.
_dBogotá : Universidad de los Andes, Facultad de Economía, Centro de Estudios sobre Desarrollo Económico (CEDE) : Ediciones Uniandes, 2013
_z9789586958929
_w(OCoLC)869744766
830 0 _aColección Básica historia económica de Colombia.
856 4 0 _3Digitalia Hispánica
_uhttps://www.digitaliapublishing.com/a/59695/
910 _aPremium collection: 2019
942 _cRAA
999 _c256436
_d256436